Nezlob se Johane! valčík a lidová píseň /

Hlavní autor: Sýkora, Vilda, 1903-1974
Další autoři: Mach, Jarka, 1892-
Jazyk: Čeština
Vydáno: Praha : Rosendorf, 1937
Fyzický popis: 1 sv. (nestránkován)
Hudebniny Hudebniny
Uloženo v:
LEADER 00797ncm a22002292a 4500
001 000444663
003 CZ BrMZK
005 20100827105943.0
007 qu
008 010907s1937 xr f cze d
040 |a BOA001  |b cze 
072 7 |a 784  |x Vokální hudba  |2 Konspekt  |9 9 
100 1 |a Sýkora, Vilda,  |d 1903-1974  |7 jk01122217  |4 cmp  |4 lyr 
245 1 0 |a Nezlob se Johane!  |h [hudebnina] :  |b valčík a lidová píseň /  |c slova i hudba Vilda Sýkora a Jarka Mach 
260 |a Praha :  |b Rosendorf,  |c 1937 
300 |a 1 sv. (nestránkován) 
500 |a Jednohlasý zpěv 
700 1 |a Mach, Jarka,  |d 1892-  |7 ola2008455567  |4 cmp  |4 lyr 
910 |a BOA001  |b Mus1-0577.663 
990 |a MU 
991 |b 200911 
996 6 |b 2619768366  |c Mus1-0577.663  |l MZK  |r Sklad / do 1 hodiny  |n 2  |w 000444663  |u 000010  |a 1  |e BOA001  |j MZK50  |s P